2015 - Jaaroverzicht - Statistieken

Algemene statistieken
  • Deze quiz is 29 keer genomen
  • De gemiddelde score is 9 van 20
Antwoordstatistieken
Beschrijving Antwoord % Correct
Deze Republikeinse presidentskandidaat belooft een muur met Mexico te zullen bouwen Donald Trump
80%
Terroristen doden 130 mensen in deze Europese hoofdstad in onder anderen concertzaal Bataclan Parijs
80%
Artiest die "Hello" uitbracht Adele
75%
Dit niet-Europees land mag vanaf dan elk jaar deelnemen aan het festival Australië
70%
Voor het eerst in 52 jaar worden er vanuit de VS opnieuw brieven gestuurd naar dit land in de Caraïben Cuba
65%
Vluchtelingen van dit land komen met gigantische aantallen naar Europa Syrië
65%
Dit is de nieuwe premier van Canada Justin Trudeau
60%
Deze autobouwer komt wereldwijd onder vuur door geknoei met uitstoten Volkswagen
60%
Sepp Blater neemt ontslag als voorzitter van deze door corruptie geplaagde organisatie FIFA
55%
Artiest die "Uptown Funk" uitbracht Mark Ronson | Bruno Mars
55%
Zayn Malik stapt uit deze wereldberoemde band One Direction
50%
In Nederland vallen 2 van deze dingen op enkele huizen bij de verbouwing van een brug Bouwkranen
35%
De nieuwste film in de Jurrasic reeks Jurassic World
30%
Dit speciaal natuurfenomeen doet zich voor in delen van Noord-Amerika en Europa Zonsverduistering
30%
Tweede kind van Prins William en Kate Charlotte
25%
Film over vijf emoties in het hoofd van een meisje Inside Out
25%
Dit land in Azië wordt op 1 maand tijd door 3 zware aardbevingen getroffen Nepal
20%
In dit land vind het 60e Eurovisiesongfestival plaats Oostenrijk
15%
In dit land barst een hevige burgeroorlog los Jemen
10%
Dit "object" in ons zonnestelsel wordt door de New Horizons ruimtesonde gepasseerd Pluto
5%
Geen overeenkomende quizzen gevonden
Scoreverdeling
Procent van Mensen met Elke Score
Percentiel versus Aantal Correcte Antwoorden
Uw Scoregeschiedenis
U heeft deze quiz nog niet genomen